Política indiana /
Obra jurídica dedicada al imperio español en el Nuevo Mundo, sus doctrinas y principios de justicia, devoción religiosa y lealtad a la monarquía, expresados en su derecho y sus instituciones. Fue escrita en el siglo XVII. El primer tomo está dedicado al descubrimiento y los títulos de dominio otorga...
সংরক্ষণ করুন:
| প্রধান লেখক: | |
|---|---|
| বিন্যাস: | গ্রন্থ |
| ভাষা: | স্প্যানিশ |
| মালা: | (Biblioteca de Autores Españoles ;
252) (Biblioteca de Autores Españoles ; 253) (Biblioteca de Autores Españoles ; 254) (Biblioteca de Autores Españoles ; 255) (Biblioteca de Autores Españoles ; 256) |
| বিষয়গুলি: | |
| ট্যাগগুলো: |
কোনো ট্যাগ নেই, প্রথমজন হিসাবে ট্যাগ করুন!
|
MARC
| LEADER | 00000nam^a2200000^a^4500 | ||
|---|---|---|---|
| 001 | 000098275 | ||
| 005 | 20250521000000.0 | ||
| 009 | 20260310093048.205 | ||
| 037 | |a Acervo ITESO - Biblioteca | ||
| 041 | |a ESP | ||
| 082 | |a 980. 013 |b SOL | ||
| 100 | |a Solórzano y Pereyra, Juan de |e (autor) | ||
| 240 | 1 | 1 | |a [Biblioteca de autores españoles, desde la formación del lenguaje hasta nuestros días] |
| 240 | 1 | 1 | |a [Política indiana] |
| 245 | 1 | 0 | |a Política indiana / |c J. de Solórzano y Pereyra ; corr. e il. F.R. de Valenzuela ; prelim. de Miguel Angel Ochoa Brun. |
| 264 | |a Madrid, España : |b Atlas, |c 1972 | ||
| 300 | |a 3 v. | ||
| 336 | |a texto |b txt |2 rdacontenido | ||
| 337 | |a sin mediación |b n |2 rdamedio | ||
| 338 | |a volumen |b nc |2 rdasoporte | ||
| 440 | 1 | |a (Biblioteca de Autores Españoles ; |v 252) | |
| 440 | 1 | |a (Biblioteca de Autores Españoles ; |v 253) | |
| 440 | 1 | |a (Biblioteca de Autores Españoles ; |v 254) | |
| 440 | 1 | |a (Biblioteca de Autores Españoles ; |v 255) | |
| 440 | 1 | |a (Biblioteca de Autores Españoles ; |v 256) | |
| 501 | |a Encuadernación particular | ||
| 520 | |a Obra jurídica dedicada al imperio español en el Nuevo Mundo, sus doctrinas y principios de justicia, devoción religiosa y lealtad a la monarquía, expresados en su derecho y sus instituciones. Fue escrita en el siglo XVII. El primer tomo está dedicado al descubrimiento y los títulos de dominio otorgados; el segundo y el tercero, encuadernados conjuntamente, se refieren respectivamente a la personalidad jurídica de los indígenas y a la institución de la encomienda; por último, el cuarto y el quinto aluden a las materias eclesiásticas y al patronato, al sistema de gobernación secular de las Indias y al régimen financiero. | ||
| 649 | |a XX | ||
| 650 | |a Derecho - |z América - |x Historia - |y Epoca Colonial | ||
| 650 | |a Derecho - |z España - |x Historia | ||
| 650 | |a Indígenas - |x Condiciones Jurídicas | ||
| 650 | |a Indígenas - |x Historia | ||
| 650 | |a Iglesia Católica en América - |x Historia - |y Epoca Colonial | ||
| 650 | |a Encomienda - |z América - |x Historia - |y Epoca Colonial | ||
| 650 | |a América - |x Historia - |y Descubrimiento y Exploración | ||
| 650 | |a América - |x Historia - |y Epoca Colonial | ||
| 910 | |a Fondo Jesús Rodríguez | ||
| 920 | |a Impresos - Libros | ||
| 930 | |a Fondos Especiales | ||
| 905 | |a 113 | ||
| 901 | |a 0500032874 |b IT2 |c ESP |u 20250521 | ||
| 901 | |a 0500032871 |b IT2 |c ESP |u 20250521 | ||
| 901 | |a 0500033199 |b IT2 |c ESP |u 20250521 | ||
| 902 | |a https://opac.biblio.iteso.mx/vufind/Record/000098275 | ||